<?xml version="1.0" encoding="UTF-8"?>
<record
    xmlns:xsi="http://www.w3.org/2001/XMLSchema-instance"
    xsi:schemaLocation="http://www.loc.gov/MARC21/slim http://www.loc.gov/standards/marcxml/schema/MARC21slim.xsd"
    xmlns="http://www.loc.gov/MARC21/slim">

  <leader>01157nam a22002777a 4500</leader>
  <controlfield tag="003">OSt</controlfield>
  <controlfield tag="005">20180117131726.0</controlfield>
  <controlfield tag="008">180117e201709  spco|||  |||| 0|1 0 cat|d</controlfield>
  <datafield tag="017" ind1=" " ind2=" ">
    <subfield code="a">DL B 17353-2017</subfield>
    <subfield code="b">Biblioteca de Catalunya</subfield>
  </datafield>
  <datafield tag="020" ind1=" " ind2=" ">
    <subfield code="a">9788429776195</subfield>
  </datafield>
  <datafield tag="040" ind1=" " ind2=" ">
    <subfield code="a">ES-BaBC</subfield>
    <subfield code="b">cat</subfield>
    <subfield code="c">CDMR</subfield>
  </datafield>
  <datafield tag="100" ind1="1" ind2=" ">
    <subfield code="a">Roig, Montserrat</subfield>
    <subfield code="d">1946-1991,</subfield>
    <subfield code="9">2620</subfield>
  </datafield>
  <datafield tag="245" ind1="1" ind2="4">
    <subfield code="a">Els Catalans als camps nazis </subfield>
    <subfield code="c">/ Montserrat Roig ; introducci&#xF3; de Rosa Toran ; presentaci&#xF3; d'Artur London</subfield>
  </datafield>
  <datafield tag="260" ind1=" " ind2=" ">
    <subfield code="a">Barcelona :</subfield>
    <subfield code="b">Edicions 62,</subfield>
    <subfield code="c">2017</subfield>
  </datafield>
  <datafield tag="300" ind1=" " ind2=" ">
    <subfield code="a">LXVIII, 826 p&#xE0;gines, 20 fulls de l&#xE0;mines no numerades :</subfield>
    <subfield code="b">il&#xB7;lustracions ;</subfield>
    <subfield code="c">23 cm</subfield>
  </datafield>
  <datafield tag="504" ind1=" " ind2=" ">
    <subfield code="a">&#xCD;ndex de noms: p. 813-826</subfield>
  </datafield>
  <datafield tag="504" ind1=" " ind2=" ">
    <subfield code="a">Bibliografia: p. 565-568</subfield>
  </datafield>
  <datafield tag="610" ind1="2" ind2="7">
    <subfield code="a">Mauthausen (Camp de concentraci&#xF3;)</subfield>
    <subfield code="2">lemac</subfield>
  </datafield>
  <datafield tag="650" ind1=" " ind2="7">
    <subfield code="a">Guerra Mundial II, 1939-1945</subfield>
    <subfield code="x">Presoners i presons dels alemanys</subfield>
    <subfield code="2">lemac</subfield>
    <subfield code="9">3587</subfield>
  </datafield>
  <datafield tag="650" ind1=" " ind2="7">
    <subfield code="a">Guerra Mundial II, 1939-1945</subfield>
    <subfield code="x">Camps de concentraci&#xF3;</subfield>
    <subfield code="2">lemac</subfield>
    <subfield code="9">3587</subfield>
  </datafield>
  <datafield tag="650" ind1=" " ind2="7">
    <subfield code="a">Presoners de guerra</subfield>
    <subfield code="z">Catalunya</subfield>
    <subfield code="2">lemac</subfield>
  </datafield>
  <datafield tag="650" ind1=" " ind2="7">
    <subfield code="a">Guerra Mundial II, 1939-1945</subfield>
    <subfield code="x">Camps de concentraci&#xF3;</subfield>
    <subfield code="x">Relats personals catalans</subfield>
  </datafield>
  <datafield tag="700" ind1="1" ind2=" ">
    <subfield code="a">Toran, Rosa,</subfield>
    <subfield code="d">1947-</subfield>
  </datafield>
  <datafield tag="700" ind1="1" ind2=" ">
    <subfield code="a">London, Artur Gerard,</subfield>
  </datafield>
  <datafield tag="942" ind1=" " ind2=" ">
    <subfield code="c">MON</subfield>
  </datafield>
  <datafield tag="999" ind1=" " ind2=" ">
    <subfield code="c">7103</subfield>
    <subfield code="d">7103</subfield>
  </datafield>
  <datafield tag="952" ind1=" " ind2=" ">
    <subfield code="0">0</subfield>
    <subfield code="1">0</subfield>
    <subfield code="4">0</subfield>
    <subfield code="7">0</subfield>
    <subfield code="a">CDMR</subfield>
    <subfield code="b">CDMR</subfield>
    <subfield code="d">2018-01-17</subfield>
    <subfield code="e">Intercanvi</subfield>
    <subfield code="g">23.90</subfield>
    <subfield code="l">5</subfield>
    <subfield code="m">3</subfield>
    <subfield code="o">Dj 78</subfield>
    <subfield code="p">CDMR18010007</subfield>
    <subfield code="r">2022-02-08</subfield>
    <subfield code="s">2021-12-22</subfield>
    <subfield code="v">23.90</subfield>
    <subfield code="w">2018-01-17</subfield>
    <subfield code="y">MON</subfield>
  </datafield>
</record>
